| Tag |
First Indicator |
Second Indicator |
Subfields |
| LEADER |
00000cam a2200000 a 4500 |
| 001 |
in00000089744 |
| 005 |
20151008065519.0 |
| 008 |
770613s1969 gaua b f10000 eng d |
| 035 |
|
|
|a (OCoLC)03037652
|
| 035 |
|
|
|9 AAK6086AM
|
| 040 |
|
|
|a AGL
|c AGL
|d m.c.
|d TXA
|d UtOrBLW
|
| 043 |
|
|
|a n-usu--
|
| 049 |
|
|
|a TXAM
|c [444316]
|
| 070 |
|
|
|a aSD118.S62
|b 1968
|
| 090 |
|
|
|a SD398.42.S6
|b F6
|
| 245 |
0 |
0 |
|a Forest nurserymen conferences :
|b proceedings southeastern area, Stone Mountain, Ga., Aug. 28-29, 1968, Alexandria, La., Sept. 10-11, 1968.
|
| 264 |
|
1 |
|a [Atlanta] :
|b State and Private Forestry, Southeastern Area,
|c 1969.
|
| 300 |
|
|
|a 181 pages :
|b illustrations ;
|c 27 cm.
|
| 336 |
|
|
|a text
|b txt
|2 rdacontent
|
| 337 |
|
|
|a unmediated
|b n
|2 rdamedia
|
| 338 |
|
|
|a volume
|b nc
|2 rdacarrier
|
| 500 |
|
|
|a Cover title.
|
| 500 |
|
|
|a Includes bibliographical references.
|
| 650 |
|
0 |
|a Forest nurseries
|z Southern States
|x Congresses.
|
| 650 |
|
0 |
|a Forests and forestry
|z Southern States
|x Congresses.
|
| 710 |
1 |
|
|a United States.
|b State and Private Forestry.
|b Southeastern Area.
|
| 710 |
2 |
|
|a Southern Group Association of State Foresters.
|
| 711 |
2 |
|
|a Eastern Regional Forest Nurserymen's Conference
|d (1968 :
|c Stone Mountain, Ga.)
|
| 711 |
2 |
|
|a Western Regional Forest Nurserymen's Conference
|d (1968 :
|c Alexandria, La.)
|
| 999 |
|
|
|a MARS
|
| 999 |
f |
f |
|s 1a8b4f55-3953-3e0c-ba19-7589843c4616
|i 71b6fa1f-533b-3877-b8bc-968a9f2e8a80
|t 0
|
| 952 |
f |
f |
|p ric
|a Texas A&M University
|b Rellis Campus
|c Joint Library Facility
|d Remote Storage
|t 0
|e SD398.42.S6 F6
|h Library of Congress classification
|i unmediated -- volume
|m A14806237571
|
| 998 |
f |
f |
|a SD398.42.S6 F6
|t 0
|l Remote Storage
|